10 największych miast Anglii - Statystyki

Ogólne statystyki
  • Ten quiz został rozwiązany 80 razy
  • Średni wynik to 6 z 10
Statystyki odpowiedzi
Ludność Miasto % Poprawnych
8 907 918 Londyn
100%
544 000 Manchester
99%
579 256 Liverpool
97%
1 153 717 Birmingham
80%
503 388 Leeds
63%
470 965 Leicester
43%
544 402 Sheffield
35%
571 922 Bristol
31%
369 127 Coventry
13%
361 046 Bradford
8%
Nie znaleziono quizów pasujących do podanych kryteriów
Rozkład punktacji
Procent ludzi z każdym wynikiem
Percentyl według liczby udzielonych odpowiedzi
Twoja historia wyników
Nie rozwiązałeś tego quizu